000 00437nam a22001697a 4500
005 20180726125755.0
008 160504b xxu||||| |||| 00| 0 eng d
020 _a9788125916093
041 _aeng
082 _b1224
_a658.3
100 _aCHANDAN, D. B. AND JIT, S
_94630
245 _aOrganisational Behaviour
260 _bVikas Publishing house Pvt. Ltd.
_c1994
_aDELHI
300 _a431p,
650 _aManagement
_9241
942 _cBK
999 _c501
_d501